Papeles existentes en el Archivo General de Indias relativos a Cuba y muy particularmente a La Habana : (Record no. 184578)
[ view plain ]
| 000 -LEADER | |
|---|---|
| campo de control de longitud fija | 01003nam a2200229 i 4500 |
| 001 - NÚMERO DE CONTROL | |
| campo de control | 184578 |
| 003 - IDENTIFICADOR DE NÚMERO DE CONTROL | |
| campo de control | ES-MaACL |
| 005 - FECHA Y HORA DE LA ÚLTIMA TRANSACCIÓN | |
| campo de control | 20250729012634.0 |
| 008 - DATOS DE LONGITUD FIJA--INFORMACIÓN GENERAL | |
| campo de control de longitud fija | 151023s1931 cu |||| | spa d |
| 245 00 - MENCIÓN DEL TÍTULO | |
| Título | Papeles existentes en el Archivo General de Indias relativos a Cuba y muy particularmente a La Habana : |
| Resto del título | (donativo Néstor Carbonell) / |
| Mención de responsabilidad, etc. | ordenados y con una introducción por Joaquín Llaverías. |
| 260 ## - PUBLICACIÓN, DISTRIBUCIÓN, ETC. | |
| Lugar de publicación, distribución, etc. | La Habana : |
| Nombre del editor, distribuidor, etc. | Academia de la Historia de Cuba, |
| Fecha de publicación, distribución, etc. | 1931. |
| 300 ## - DESCRIPCIÓN FÍSICA | |
| Extensión | 2 v. ; |
| Dimensiones | 28 cm. |
| 490 1# - MENCIÓN DE SERIE | |
| Mención de serie | Academia de la Historia de Cuba. Colección de documentos ; |
| Designación de volumen o secuencia | 7-8 |
| 505 8# - NOTA DE CONTENIDO CON FORMATO | |
| Nota de contenido con formato | Contiene: I. 1512-1578 - II. 1578-1586 |
| 651 #4 - PUNTO DE ACCESO ADICIONAL DE MATERIA--NOMBRE GEOGRÁFICO | |
| Nombre geográfico | Cuba- |
| Subdivisión general | Historia- |
| Subdivisión de forma | Fuentes. |
| 9 (RLIN) | 8099 |
| 700 1# - ENTRADA AGREGADA--NOMBRE PERSONAL | |
| Nombre de persona | Llaverías, Joaquín, |
| Fechas asociadas al nombre | 1875-1956 |
| 9 (RLIN) | 72736 |
| 710 2# - ENTRADA AGREGADA--NOMBRE DE ENTIDAD CORPORATIVA | |
| Nombre de entidad corporativa o nombre de jurisdicción como elemento de entrada | Archivo General de Indias. |
| 9 (RLIN) | 149748 |
| 710 2# - ENTRADA AGREGADA--NOMBRE DE ENTIDAD CORPORATIVA | |
| Nombre de entidad corporativa o nombre de jurisdicción como elemento de entrada | Academia de la Historia de Cuba. |
| 9 (RLIN) | 1183 |
| 830 1# - PUNTO DE ACCESO ADICIONAL DE SERIE-TÍTULO UNIFORME | |
| Título uniforme | Academia de la Historia de Cuba. Colección de documentos ; |
| Designación de volumen o secuencia | 7-8 |
| 9 (RLIN) | 192176 |
| 852 ## - LOCALIZACIÓN | |
| Ubicación | ES-MaACL |
| Número de control de estantería | D-8818-19 |
| Estatus retirado | Estado de pérdida | Estado de daño | No para préstamo | Biblioteca de origen | Biblioteca actual | Ubicación en estantería | Fecha de adquisición | Fuente de adquisición | Total de préstamos | Signatura topográfica completa | Código de barras | Visto por última vez | Precio de reemplazo | Tipo de ítem Koha |
|---|---|---|---|---|---|---|---|---|---|---|---|---|---|---|
| Biblioteca del Ateneo de Madrid | Biblioteca del Ateneo de Madrid | Sala Valle Inclán | 23/10/2015 | D-8818-19 | 901194327 | 23/02/2023 | 23/02/2023 | Libro impreso |
